000
00235nam a22000857a 4500
008
160713b xxu||||| |||| 00| 0 eng d
100
_9
2814
_a
Mahajan H C
245
_a
Modern Essays on all debatable issues
260
_a
New Delhi
_b
S.Chand
_c
2012
999
_c
2408
_d
2408